[Event "Ct. Catalunya juvenil"]
[Site "?"]
[Date "2011.04.23"]
[Round "6"]
[White "Cano Egea, JM."]
[Black "Bardera Gil, S."]
[Result "0-1"]
[WhiteElo "1440"]
[BlackElo "2025"]
[PlyCount "106"]
[EventDate "2011.??.??"]
[EventType "swiss"]
[EventRounds "8"]

1. e4 c5 2. Nf3 d6 3. c3 Nf6 4. Be2 g6 5. O-O Bg7 6. Bb5+ Bd7 7. Bxd7+ Nbxd7 8.
Re1 O-O 9. d4 cxd4 10. cxd4 e5 11. dxe5 dxe5 12. Nc3 h6 13. Be3 Kh7 14. h3 Qa5
15. Qb3 a6 16. Rad1 Nc5 17. Bxc5 Qxc5 18. Nd5 Nxd5 19. Rxd5 Qc7 20. Red1 b5 21.
Rd7 Qc4 22. Qxc4 bxc4 23. Rc7 Rab8 24. Rxc4 Rxb2 25. Ra4 Rb6 26. Rd7 Rb1+ 27.
Kh2 Rb2 28. Kg1 Rb1+ 29. Kh2 Rb2 30. Kg1 Re2 31. Kf1 Rc2 32. Rxa6 Rb8 33. Rd2
Rc4 34. Re2 Rbb4 35. Nd2 Rc2 36. Nb3 Rxe2 37. Kxe2 Rxe4+ 38. Kd3 f5 39. a4 Rb4
40. Nd2 e4+ 41. Ke3 g5 42. Ra7 Kg6 43. Ra6+ Bf6 44. g3 Kf7 45. Ra5 Bd4+ 46. Ke2
Ke6 47. Ra6+ Kd5 48. Rxh6 Bc3 49. Rh7 Rxa4 50. Rd7+ Ke6 51. Rd8 Ra2 52. Ke3 Ba5
53. Nc4 Bxd8 0-1

[Event "Ct. Catalunya juvenil"]
[Site "?"]
[Date "2011.04.23"]
[Round "6"]
[White "Cervello Tost, R."]
[Black "Ventura Bolet, M."]
[Result "0-1"]
[WhiteElo "1661"]
[BlackElo "1987"]
[PlyCount "56"]
[EventDate "2011.??.??"]
[EventType "swiss"]
[EventRounds "8"]

1. e4 c5 2. d4 cxd4 3. c3 dxc3 4. Nxc3 e6 5. Nf3 a6 6. Bc4 b5 7. Bb3 Bb7 8. Qe2
d6 9. O-O Nd7 10. Rd1 Ngf6 11. Bf4 Qb8 12. a3 Be7 13. Rd2 O-O 14. Rad1 Ne5 15.
Nxe5 dxe5 16. Bg5 Rc8 17. Rd3 h6 18. Bh4 a5 19. Nxb5 a4 20. Bxf6 Bxf6 21. Nd6
Ba6 22. Nxc8 Qxb3 23. Nd6 Rd8 24. Qe3 Bxd3 25. Rxd3 Qxb2 26. g3 Be7 27. Rd2
Qc1+ 28. Kg2 Rxd6 0-1

[Event "Ct. Catalunya juvenil"]
[Site "?"]
[Date "2011.04.23"]
[Round "6"]
[White "Coll Ortega, J."]
[Black "Palomo Teruel, X."]
[Result "1-0"]
[WhiteElo "2283"]
[BlackElo "2052"]
[PlyCount "81"]
[EventDate "2011.??.??"]
[EventType "swiss"]
[EventRounds "8"]

1. d4 Nf6 2. c4 e6 3. Nf3 c5 4. d5 b5 5. Bg5 Qa5+ 6. Qd2 Qxd2+ 7. Nbxd2 Bb7 8.
dxe6 fxe6 9. cxb5 a6 10. e3 d5 11. bxa6 Bxa6 12. Bxa6 Nxa6 13. Ke2 Bd6 14. Rhd1
O-O 15. e4 Nxe4 16. Nxe4 dxe4 17. Rxd6 exf3+ 18. gxf3 Nb4 19. a3 Nc2 20. Rc1
Nd4+ 21. Kf1 Rfb8 22. Rxc5 e5 23. f4 Nf3 24. Rc2 h6 25. Be7 e4 26. Rd7 Nxh2+
27. Kg2 Nf3 28. Re2 Ra4 29. Bb4 Nh4+ 30. Kh3 g5 31. fxg5 Nf3 32. Kg3 Nxg5 33.
Rc2 Ra6 34. Rd6 Rxd6 35. Bxd6 Rb3+ 36. Kg4 Kf7 37. Bf4 Ne6 38. Bxh6 Nd4 39. Rc4
Ne6 40. Bc1 Rf3 41. Be3 1-0

[Event "Ct. Catalunya juvenil"]
[Site "?"]
[Date "2011.04.23"]
[Round "6"]
[White "Fernandez Aguilar, F."]
[Black "Panella Navarro, S."]
[Result "0-1"]
[WhiteElo "1924"]
[BlackElo "2088"]
[PlyCount "66"]
[EventDate "2011.??.??"]
[EventType "swiss"]
[EventRounds "8"]

1. e4 c5 2. Nf3 e6 3. d4 cxd4 4. Nxd4 a6 5. c4 Nf6 6. Nc3 Qc7 7. a3 Be7 8. Be2
d6 9. O-O Nbd7 10. Be3 b6 11. f4 Bb7 12. Bf3 O-O 13. Rc1 Rfe8 14. b4 Rac8 15.
g4 Nf8 16. g5 N6d7 17. h4 Bd8 18. Ndb5 axb5 19. Nxb5 Qb8 20. Nxd6 Bc7 21. Nxb7
Qxb7 22. Rc2 Red8 23. Qa1 Qb8 24. Bg4 Ng6 25. e5 Ndxe5 26. fxe5 Bxe5 27. Qe1
Rd3 28. Qf2 Rc7 29. h5 Nf8 30. Bxb6 Rg3+ 31. Kh1 Rxg4 32. Bxc7 Qxc7 33. Qc5
Qb7+ 0-1

[Event "Ct. Catalunya juvenil"]
[Site "?"]
[Date "2011.04.23"]
[Round "6"]
[White "Fernandez Diaz, C."]
[Black "Triadu Cassa, J."]
[Result "0-1"]
[WhiteElo "2052"]
[BlackElo "2042"]
[PlyCount "76"]
[EventDate "2011.??.??"]
[EventType "swiss"]
[EventRounds "8"]

1. d4 d5 2. c4 c6 3. Nc3 Nf6 4. Bg5 dxc4 5. a4 Qa5 6. Nf3 Bg4 7. Ne5 Be6 8. Bd2
Nbd7 9. Nxd7 Bxd7 10. e4 e5 11. d5 Bb4 12. Bxc4 O-O 13. O-O Rac8 14. Qe2 Rfe8
15. Rfd1 cxd5 16. Nxd5 Nxd5 17. Bxd5 Bxd2 18. Qxd2 Qxd2 19. Rxd2 Bc6 20. Kf1 g6
21. f3 Bxd5 22. Rxd5 Rc2 23. Rb5 Rd8 24. Rxb7 Rdd2 25. Rxa7 Rf2+ 26. Ke1 Rxg2
27. Kf1 Rxh2 28. Kg1 Rcg2+ 29. Kf1 Rxb2 30. Kg1 Rbg2+ 31. Kf1 h5 32. Rd1 Ra2
33. Kg1 Rhb2 34. f4 exf4 35. e5 Re2 36. a5 f3 37. a6 Rg2+ 38. Kf1 Rh2 0-1

[Event "Ct. Catalunya juvenil"]
[Site "?"]
[Date "2011.04.23"]
[Round "6"]
[White "Fernandez Soriano, R."]
[Black "Bulto Gonzalvo, R."]
[Result "0-1"]
[WhiteElo "2080"]
[BlackElo "1873"]
[PlyCount "122"]
[EventDate "2011.??.??"]
[EventType "swiss"]
[EventRounds "8"]

1. Nf3 Nf6 2. c4 e6 3. g3 b6 4. Bg2 Bb7 5. O-O Be7 6. b3 O-O 7. Bb2 c5 8. d3 d5
9. e3 Nc6 10. Qe2 Qc7 11. Nc3 Rad8 12. Rfd1 a6 13. Rac1 d4 14. Nb1 e5 15. e4
Ra8 16. Nh4 g6 17. Rf1 Nh5 18. Nf3 b5 19. Nbd2 b4 20. Ne1 a5 21. Bf3 Ng7 22.
Bg4 Bg5 23. Ng2 Bh6 24. f4 f5 25. exf5 gxf5 26. Bf3 a4 27. Bd5+ Kh8 28. Rce1
exf4 29. Nxf4 axb3 30. axb3 Rae8 31. Qg2 Nd8 32. Bxb7 Qxb7 33. Nd5 Nde6 34. Nf3
Nc7 35. Qh3 Nxd5 36. Qxh6 Qb6 37. Qxb6 Nxb6 38. Bc1 Nd7 39. Bf4 Rxe1 40. Rxe1
Re8 41. Ra1 Ne6 42. Bd6 Kg8 43. Ra7 Nf6 44. Ne5 Ng4 45. Nf7 h5 46. h3 Nd8 47.
hxg4 Nxf7 48. Bxc5 Re3 49. Ra8+ Kh7 50. Rf8 Ng5 51. Rxf5 Rxg3+ 52. Kf2 Rxg4 53.
Bxb4 h4 54. Bd6 Kg6 55. Ra5 h3 56. c5 Rg2+ 57. Kf1 Nf3 58. Bf4 Nd2+ 59. Ke1
Nxb3 60. c6 Nxa5 61. c7 Rc2 0-1

[Event "Ct. Catalunya juvenil"]
[Site "?"]
[Date "2011.04.23"]
[Round "6"]
[White "Martin Perez, L."]
[Black "Rodriguez Adell, A."]
[Result "1/2-1/2"]
[WhiteElo "1856"]
[BlackElo "2006"]
[PlyCount "83"]
[EventDate "2011.??.??"]
[EventType "swiss"]
[EventRounds "8"]

1. e4 c5 2. Nf3 d6 3. d4 Nf6 4. Nc3 cxd4 5. Nxd4 a6 6. f3 e5 7. Nb3 Be6 8. Be3
Nbd7 9. g4 b5 10. Qd2 Be7 11. h4 Nb6 12. g5 Nh5 13. Nd5 Bxd5 14. exd5 Ng3 15.
Rg1 Nxf1 16. Rxf1 Nc4 17. Qc1 Qc8 18. Bf2 Qb7 19. Nd2 Qxd5 20. Nxc4 Qxc4 21.
Qd2 Rc8 22. c3 h6 23. gxh6 Rxh6 24. Rg1 Kf8 25. Rg4 Qe6 26. a4 f5 27. Rg1 e4
28. O-O-O b4 29. fxe4 bxc3 30. bxc3 Qb3 31. Bd4 Bf6 32. Qb2 Qxb2+ 33. Kxb2 fxe4
34. Bxf6 Rxf6 35. Rg4 Rf2+ 36. Kb3 e3 37. Re4 Rf3 38. Rxd6 e2 39. Rxe2 Rcxc3+
40. Kb4 Rb3+ 41. Ka5 Rf4 42. Rd8+ 1/2-1/2

[Event "Ct. Catalunya juvenil"]
[Site "?"]
[Date "2011.04.23"]
[Round "6"]
[White "Martinez Ramirez, E."]
[Black "Colon Garcia, E."]
[Result "1/2-1/2"]
[WhiteElo "2173"]
[BlackElo "2288"]
[PlyCount "59"]
[EventDate "2011.??.??"]
[EventType "swiss"]
[EventRounds "8"]

1. e4 c5 2. Nf3 d6 3. d4 cxd4 4. Nxd4 Nf6 5. Nc3 a6 6. f3 e6 7. Be3 b5 8. g4 h6
9. Qd2 b4 10. Nce2 e5 11. Nb3 Nc6 12. Ng3 Be6 13. Rd1 Qc7 14. h4 d5 15. g5 hxg5
16. hxg5 Rxh1 17. Nxh1 d4 18. gxf6 dxe3 19. Qxe3 gxf6 20. Nf2 Qa7 21. Ng4 Be7
22. Qxa7 Rxa7 23. Ne3 Kf8 24. Nd5 f5 25. Nxe7 Kxe7 26. c3 fxe4 27. fxe4 bxc3
28. bxc3 a5 29. Bb5 Nb8 30. c4 1/2-1/2

[Event "Ct. Catalunya juvenil"]
[Site "?"]
[Date "2011.04.23"]
[Round "6"]
[White "Montiel Baeza, A."]
[Black "Moreno Martin, D."]
[Result "0-1"]
[WhiteElo "1908"]
[BlackElo "2171"]
[PlyCount "80"]
[EventDate "2011.??.??"]
[EventType "swiss"]
[EventRounds "8"]

1. e4 e6 2. d4 d5 3. Nd2 c5 4. exd5 Qxd5 5. Ngf3 cxd4 6. Bc4 Qd6 7. Nb3 Qb4+ 8.
Nbd2 Nc6 9. O-O Nf6 10. Qe2 a6 11. Rd1 Be7 12. a3 Qd6 13. Ba2 O-O 14. Nb3 e5
15. h3 Be6 16. c3 a5 17. cxd4 e4 18. Ng5 a4 19. Nxe6 axb3 20. Nxf8 bxa2 21.
Nxh7 Kxh7 22. Rxa2 Nxd4 23. Qf1 Qe6 24. Ra1 Nf5 25. Re1 Ra5 26. Bd2 Rd5 27. Bc3
Nh4 28. Bxf6 Bxf6 29. Qe2 Nf3+ 30. Qxf3 exf3 31. Rxe6 fxe6 32. gxf3 Kg6 33. Re1
Kf5 34. Rc1 Bxb2 35. Rc7 b5 36. Ra7 Rd3 37. Ra5 Rd5 38. Ra6 Kf6 39. Kg2 Rd3 40.
Rb6 Rb3 0-1

[Event "Ct. Catalunya juvenil"]
[Site "?"]
[Date "2011.04.23"]
[Round "6"]
[White "Muratet Carmona, J."]
[Black "Alquezar Calpena, M."]
[Result "1-0"]
[WhiteElo "1682"]
[BlackElo "1800"]
[PlyCount "55"]
[EventDate "2011.??.??"]
[EventType "swiss"]
[EventRounds "8"]

1. e4 c5 2. Nf3 Nc6 3. c3 e6 4. d4 cxd4 5. cxd4 Nf6 6. Nc3 Bb4 7. Bd3 d5 8. e5
Ne4 9. Bd2 Nxd2 10. Qxd2 h6 11. O-O O-O 12. Rac1 Qb6 13. Be2 Bd7 14. g3 Be7 15.
Na4 Qc7 16. b4 a6 17. Nc5 Bc8 18. Qc3 Qb6 19. Nd2 Qa7 20. Nb1 f6 21. f4 Nb8 22.
Rf3 fxe5 23. fxe5 Rxf3 24. Qxf3 Nd7 25. Nxe6 Nxe5 26. Qxd5 Nf7 27. Nc7 Rb8 28.
Bc4 1-0

[Event "Ct. Catalunya juvenil"]
[Site "?"]
[Date "2011.04.23"]
[Round "6"]
[White "Nieto Farreny, F."]
[Black "Pruja Ramirez de Cartagena, M."]
[Result "0-1"]
[WhiteElo "2044"]
[BlackElo "2248"]
[PlyCount "74"]
[EventDate "2011.??.??"]
[EventType "swiss"]
[EventRounds "8"]

1. c4 Nf6 2. d4 c5 3. d5 b5 4. cxb5 a6 5. e3 g6 6. Nc3 Bg7 7. e4 d6 8. Nf3 O-O
9. a4 axb5 10. Bxb5 Ba6 11. Bd2 Bxb5 12. axb5 Nbd7 13. O-O Nb6 14. Qb3 Nfd7 15.
Be3 h6 16. Nd2 f5 17. f3 Ne5 18. Ra6 f4 19. Bf2 Rb8 20. Rfa1 Qe8 21. Ra7 g5 22.
Rc7 Bf6 23. Na4 Nxa4 24. Rxa4 Rxb5 25. Qd1 Rxb2 26. Nc4 Nxc4 27. Rxc4 Qb5 28.
Rc1 Rb8 29. Rc6 Qe2 30. h4 Qxd1+ 31. Rxd1 Re2 32. Re1 Rd2 33. hxg5 hxg5 34. e5
Bxe5 35. Bxc5 Rxd5 36. Bb6 Rxb6 37. Rxe5 Rb1+ 0-1

[Event "Ct. Catalunya juvenil"]
[Site "?"]
[Date "2011.04.23"]
[Round "6"]
[White "Rojano Alfonso, C."]
[Black "Subirats Ruiz, S."]
[Result "1/2-1/2"]
[WhiteElo "2011"]
[BlackElo "2206"]
[PlyCount "92"]
[EventDate "2011.??.??"]
[EventType "swiss"]
[EventRounds "8"]

1. e4 e5 2. Nf3 Nc6 3. d4 exd4 4. Nxd4 Bc5 5. Be3 Qf6 6. Nb5 Bxe3 7. fxe3 Qh4+
8. g3 Qd8 9. Qg4 Kf8 10. Qf4 d6 11. Bc4 Ne5 12. O-O Nh6 13. Bb3 g5 14. Qf6 Qxf6
15. Rxf6 Kg7 16. Rf2 Bd7 17. Nxc7 Rac8 18. Nd5 Nhg4 19. Rg2 Nf3+ 20. Kh1 f5 21.
Nbc3 h5 22. Rf1 Nge5 23. Ne7 Rcf8 24. exf5 Bxf5 25. Nxf5+ Rxf5 26. Ne4 Rh6 27.
Rd1 Ng4 28. Nxd6 Rxd6 29. Rxd6 Ne1 30. Rd7+ Kh6 31. h3 Nxe3 32. Rg1 Nf3 33. Re7
Nxg1 34. Rxe3 Nxh3 35. Re6+ Kg7 36. Kg2 g4 37. Re7+ Kh6 38. Re2 Ng5 39. c4 Nf3
40. Bc2 Re5 41. Rxe5 Nxe5 42. c5 Nc6 43. Be4 a5 44. a3 Kg5 45. b4 axb4 46. axb4
Nxb4 1/2-1/2

[Event "Ct. Catalunya juvenil"]
[Site "?"]
[Date "2011.04.23"]
[Round "6"]
[White "Sabria Batlle, P."]
[Black "Vives Jaume, O."]
[Result "1/2-1/2"]
[WhiteElo "2211"]
[BlackElo "1867"]
[PlyCount "209"]
[EventDate "2011.??.??"]
[EventType "swiss"]
[EventRounds "8"]

1. e4 c5 2. Nf3 d6 3. d4 cxd4 4. Nxd4 Nf6 5. Nc3 a6 6. Be2 e6 7. O-O Be7 8. f4
Qc7 9. Kh1 Nc6 10. Be3 O-O 11. Qe1 Bd7 12. Qg3 Kh8 13. Nf3 b5 14. e5 dxe5 15.
fxe5 Nd5 16. Nxd5 exd5 17. Bf4 Be6 18. a3 d4 19. Bd3 Bc4 20. Rae1 Qd7 21. Nd2
Bxd3 22. cxd3 Qe6 23. Ne4 Qg6 24. Qxg6 hxg6 25. Rc1 Nd8 26. Kg1 Ne6 27. Bd2 Kg8
28. Rc6 Rfc8 29. Rfc1 Rxc6 30. Rxc6 Kf8 31. g3 Ke8 32. Rb6 Bc5 33. Rc6 Be7 34.
Rb6 Bc5 35. Nd6+ Bxd6 36. Rxd6 Nc5 37. b4 Nxd3 38. Rxd4 Rd8 39. Re4 Nc5 40. Re2
Ne6 41. Be1 Rd3 42. Ra2 Ke7 43. Kf2 Nd4 44. a4 Ke6 45. axb5 axb5 46. Ra7 Rf3+
47. Kg2 Kxe5 48. Rc7 Rf5 49. Bc3 Kd6 50. Rb7 Ne6 51. g4 Rf4 52. Rxb5 Rxg4+ 53.
Kf3 Rc4 54. Be5+ Kc6 55. Rb8 f6 56. Bg3 Kd5 57. Ke3 Rc3+ 58. Kd2 Rb3 59. Kc2
Nd4+ 60. Kd2 Rb2+ 61. Kc3 Rb3+ 62. Kd2 Nf3+ 63. Kc2 Nd4+ 64. Kd2 Kc4 65. Rb7
Nf5 66. Rd7 Rb2+ 67. Ke1 Rxb4 68. Ke2 Rb3 69. Rd8 Nxg3+ 70. hxg3 Rxg3 71. Rd7
f5 72. Kf2 f4 73. Rd6 g5 74. Rd7 g4 75. Rxg7 Kd5 76. Rg8 Ke6 77. Rg5 Kf6 78.
Rg8 Kf5 79. Rf8+ Ke4 80. Re8+ Kd3 81. Rd8+ Kc2 82. Rg8 Kd2 83. Rg7 Rf3+ 84. Kg2
Ke2 85. Rxg4 Rf2+ 86. Kg1 Rf1+ 87. Kh2 f3 88. Re4+ Kf2 89. Ra4 Re1 90. Ra2+ Re2
91. Ra1 Rd2 92. Rc1 Ke2 93. Kg3 f2 94. Kg2 Ra2 95. Rb1 Rc2 96. Ra1 Rb2 97. Rc1
Kd2 98. Ra1 Ke3 99. Ra3+ Ke4 100. Ra4+ Ke3 101. Ra3+ Ke2 102. Ra1 Rc2 103. Rb1
Ra2 104. Rc1 Kd2 105. Rb1 1/2-1/2

[Event "Ct. Catalunya juvenil"]
[Site "?"]
[Date "2011.04.23"]
[Round "6"]
[White "Solani Nuñez, J."]
[Black "Sanchez Urpi, O."]
[Result "1-0"]
[WhiteElo "1886"]
[BlackElo "1962"]
[PlyCount "127"]
[EventDate "2011.??.??"]
[EventType "swiss"]
[EventRounds "8"]

1. d4 Nf6 2. c4 g6 3. Nc3 Bg7 4. e4 d6 5. Bd3 O-O 6. Nge2 Nc6 7. O-O e5 8. d5
Ne7 9. Be3 Nd7 10. b4 f5 11. f3 f4 12. Bf2 g5 13. h3 Nf6 14. Kh1 Ng6 15. Ng1 h5
16. Be2 Rf7 17. Rc1 Bf8 18. Rc2 Rg7 19. Na4 a5 20. c5 axb4 21. Rb2 Bd7 22. Rxb4
Bxa4 23. Rxa4 dxc5 24. Rxa8 Qxa8 25. Qb3 Bd6 26. Rb1 b6 27. a4 g4 28. Ra1 Kf7
29. a5 g3 30. Be1 bxa5 31. Rxa5 Qd8 32. Bc4 Nd7 33. Ra7 Rg8 34. Ba5 Qb8 35.
Qxb8 Rxb8 36. Bxc7 Bxc7 37. d6+ Ke8 38. dxc7 Rc8 39. Ba6 Ne7 40. Bxc8 Nxc8 41.
Ra8 Ndb6 42. Ra5 Nd7 43. Ne2 c4 44. Nc3 Ke7 45. Ra8 Ndb6 46. Nd5+ Kd7 47. Ra5
Nxd5 48. Rxd5+ Kxc7 49. Rc5+ Kd7 50. Rxc4 Nd6 51. Rc5 Ke6 52. Rc7 Kf6 53. Rd7
Nc4 54. Rh7 Kg6 55. Rc7 Ne3 56. h4 Kf6 57. Rc6+ Kg7 58. Re6 Nc4 59. Kg1 Kh7 60.
Rc6 Ne3 61. Rc5 Kh6 62. Rxe5 Kg6 63. Rg5+ Kh6 64. e5 1-0

[Event "Ct. Catalunya juvenil"]
[Site "?"]
[Date "2011.04.23"]
[Round "6"]
[White "Torres Morales, F."]
[Black "Terrones Launes, X."]
[Result "1-0"]
[WhiteElo "1746"]
[BlackElo "1557"]
[PlyCount "49"]
[EventDate "2011.??.??"]
[EventType "swiss"]
[EventRounds "8"]

1. e4 e5 2. Nf3 Nf6 3. Nc3 d6 4. d4 Nc6 5. Be3 Bg4 6. Be2 exd4 7. Nxd4 Bxe2 8.
Qxe2 Nxd4 9. Bxd4 Be7 10. O-O-O O-O 11. g4 c5 12. Be3 Qa5 13. h4 Rfb8 14. g5
Ne8 15. h5 b5 16. g6 b4 17. gxf7+ Kxf7 18. Qc4+ Kf8 19. Nd5 b3 20. cxb3 Qxa2
21. Kc2 Qa5 22. h6 g6 23. Rh3 Qd8 24. Rf3+ Kg8 25. Nxe7+ 1-0

[Event "Ct. Catalunya juvenil"]
[Site "?"]
[Date "2011.04.23"]
[Round "6"]
[White "Vazquez Kaufmann, D."]
[Black "Ezquerro Luque, A."]
[Result "1/2-1/2"]
[WhiteElo "1689"]
[BlackElo "2055"]
[PlyCount "67"]
[EventDate "2011.??.??"]
[EventType "swiss"]
[EventRounds "8"]

1. e4 e5 2. Nf3 Nc6 3. Bc4 Bc5 4. b4 Bxb4 5. c3 Ba5 6. d4 exd4 7. O-O d6 8. Ng5
Nh6 9. cxd4 Bb6 10. Be3 Bxd4 11. Nxf7 Nxf7 12. Bxf7+ Kxf7 13. Bxd4 Nxd4 14.
Qxd4 Qf6 15. Qc4+ Kf8 16. Nc3 c6 17. e5 dxe5 18. f4 Qe6 19. Qc5+ Qe7 20. fxe5+
Ke8 21. Qe3 Be6 22. Ne4 b6 23. Nd6+ Kd7 24. Rad1 Kc7 25. Qa3 c5 26. Rf2 a5 27.
Rc2 Qd7 28. Rxc5+ bxc5 29. Qxc5+ Qc6 30. Nb5+ Kb7 31. Nd6+ Kc7 32. Nb5+ Kb7 33.
Qe7+ Kb6 34. Rd6 1/2-1/2

[Event "Ct. Catalunya juvenil"]
[Site "?"]
[Date "2011.04.23"]
[Round "6"]
[White "Ventura Bolet, A."]
[Black "Corrales Adamuz, C."]
[Result "0-1"]
[WhiteElo "1740"]
[BlackElo "1883"]
[PlyCount "78"]
[EventDate "2011.??.??"]
[EventType "swiss"]
[EventRounds "8"]

1. e4 e5 2. Bc4 Bc5 3. Nc3 Nf6 4. d3 h6 5. f4 d6 6. Nf3 Nc6 7. h3 a6 8. a4 Nd4
9. fxe5 Nxf3+ 10. Qxf3 dxe5 11. Qg3 Qd4 12. Ne2 Nxe4 13. dxe4 Qxc4 14. Qxg7 Rf8
15. Qxe5+ Be6 16. Bxh6 Rg8 17. g4 O-O-O 18. Nc3 Bd6 19. b3 Bxe5 20. bxc4 Bxc3+
21. Kf2 Bxa1 22. Rxa1 Bxc4 23. Ke3 Rh8 24. g5 Rhe8 25. Bg7 Rg8 26. Bf6 Rd6 27.
e5 Rxf6 28. gxf6 Rg3+ 29. Kd4 Be6 30. c3 Rxh3 31. a5 Rh4+ 32. Kd3 Bf5+ 33. Ke3
Re4+ 34. Kf3 Rxe5 35. Rg1 Bg6 36. Kg4 Rf5 37. Rh1 Rxf6 38. Rh8+ Kd7 39. c4 Rf5
0-1

[Event "Ct. Catalunya juvenil"]
[Site "?"]
[Date "2011.04.23"]
[Round "6"]
[White "Vicente Bessen, K."]
[Black "Muñoz Muñoz, R."]
[Result "1/2-1/2"]
[WhiteElo "1690"]
[BlackElo "1768"]
[PlyCount "65"]
[EventDate "2011.??.??"]
[EventType "swiss"]
[EventRounds "8"]

1. d4 Nf6 2. c4 g6 3. Nc3 d5 4. e3 c6 5. Nf3 Bg7 6. cxd5 cxd5 7. Bb5+ Bd7 8.
Bd3 Nc6 9. Qb3 e6 10. O-O O-O 11. Bd2 Qe7 12. Rac1 Rab8 13. Na4 Rfc8 14. Bb5
Ne4 15. Nc5 Nxd2 16. Nxd2 Be8 17. Nd3 a6 18. Bxc6 Bxc6 19. Nf3 Bb5 20. a4 Bc4
21. Qd1 Rc6 22. Nde5 Bxe5 23. Nxe5 Bxf1 24. Nxc6 bxc6 25. Qxf1 Qb7 26. h3 Qxb2
27. Rxc6 a5 28. Rc5 Qa2 29. Rb5 Rxb5 30. Qxb5 Qd2 31. Qb8+ Kg7 32. Qe5+ Kf8 33.
Qd6+ 1/2-1/2

[Event "Ct. Catalunya juvenil"]
[Site "?"]
[Date "2011.04.23"]
[Round "6"]
[White "Vidal Zamora, A."]
[Black "Jover Font, P."]
[Result "1-0"]
[WhiteElo "2128"]
[BlackElo "1712"]
[PlyCount "61"]
[EventDate "2011.??.??"]
[EventType "swiss"]
[EventRounds "8"]

1. e4 e5 2. Nf3 Nc6 3. Bb5 g6 4. c3 Bg7 5. d4 d6 6. d5 a6 7. Qa4 Bg4 8. Bxc6+
bxc6 9. Qxc6+ Bd7 10. Qc4 Ne7 11. a4 h6 12. Nbd2 O-O 13. Nf1 f5 14. exf5 gxf5
15. Ng3 Ng6 16. O-O e4 17. Ne1 Ne5 18. Qe2 f4 19. Nxe4 f3 20. Nxf3 Nxf3+ 21.
gxf3 Bh3 22. Re1 Qd7 23. Kh1 Rae8 24. Rg1 Kh7 25. Be3 Be5 26. Bd4 Bxd4 27. cxd4
Qf5 28. Rg3 Qh5 29. Rag1 Rf4 30. Qe3 Ref8 31. Qxf4 1-0

[Event "Ct. Catalunya juvenil"]
[Site "?"]
[Date "2011.04.23"]
[Round "6"]
[White "Vidal Zamora, C."]
[Black "Campos Cayuelas, A."]
[Result "0-1"]
[WhiteElo "1691"]
[BlackElo "1906"]
[PlyCount "56"]
[EventDate "2011.??.??"]
[EventType "swiss"]
[EventRounds "8"]

1. e4 e6 2. d4 d5 3. exd5 exd5 4. Nf3 Bd6 5. Be2 Nf6 6. O-O Bg4 7. Bg5 Nbd7 8.
Nbd2 c6 9. c4 Qc7 10. c5 Bf4 11. Bxf4 Qxf4 12. Ne5 Bxe2 13. Qxe2 O-O 14. Nxd7
Nxd7 15. Qd3 Rfe8 16. Rae1 Nf6 17. Re3 Ng4 18. Rxe8+ Rxe8 19. g3 Qh6 20. h4 Qf6
21. f3 Re3 22. Qc2 Qxd4 23. Kh1 Re2 24. fxg4 Qxd2 25. Qxd2 Rxd2 26. Rb1 Kf8 27.
a3 Ke7 28. b4 d4 0-1

[Event "Ct. Catalunya juvenil"]
[Site "?"]
[Date "2011.04.23"]
[Round "7"]
[White "Alquezar Calpena, M."]
[Black "Vicente Bessen, K."]
[Result "1/2-1/2"]
[WhiteElo "1800"]
[BlackElo "1690"]
[PlyCount "61"]
[EventDate "2011.??.??"]
[EventType "swiss"]
[EventRounds "8"]

1. e4 e6 2. d4 d5 3. exd5 exd5 4. Bd3 c5 5. c3 Nf6 6. Nf3 Bg4 7. Bg5 cxd4 8.
cxd4 Nc6 9. O-O Be7 10. Nc3 Nxd4 11. Qa4+ Nc6 12. Bxf6 Bxf6 13. Qxg4 O-O 14.
Qf5 g6 15. Qg4 Bg7 16. Rac1 d4 17. Nd1 a6 18. a3 Re8 19. b4 Bh6 20. Rc4 Rc8 21.
Qh4 Qxh4 22. Nxh4 b5 23. Rc5 Ne5 24. Rxc8 Rxc8 25. Be4 Nc4 26. f4 Re8 27. Bd5
Nd2 28. Bc6 Re7 29. g3 Nxf1 30. Kxf1 d3 31. Nf3 1/2-1/2

[Event "Ct. Catalunya juvenil"]
[Site "?"]
[Date "2011.04.23"]
[Round "7"]
[White "Arno Bendicho, X."]
[Black "Jover Font, P."]
[Result "1-0"]
[WhiteElo "1630"]
[BlackElo "1712"]
[PlyCount "55"]
[EventDate "2011.??.??"]
[EventType "swiss"]
[EventRounds "8"]

1. d4 Nf6 2. Nf3 e6 3. e3 d5 4. Bd3 c5 5. b3 Nc6 6. Bb2 Be7 7. Nbd2 O-O 8. O-O
a5 9. Ne5 Nxe5 10. dxe5 Nd7 11. f4 f5 12. Rf3 a4 13. Rh3 Qe8 14. Kh1 axb3 15.
axb3 Rxa1 16. Bxa1 Rf7 17. g4 g6 18. gxf5 gxf5 19. Qh5 Kh8 20. Bxf5 Nf8 21. Bd3
b5 22. Bxb5 Qxb5 23. Qxf7 Qe2 24. Nf3 Qf1+ 25. Ng1 Qxa1 26. Qxe7 Kg8 27. Rg3+
Ng6 28. Qe8+ 1-0

[Event "Ct. Catalunya juvenil"]
[Site "?"]
[Date "2011.04.23"]
[Round "7"]
[White "Bardera Gil, S."]
[Black "Muratet Carmona, J."]
[Result "1-0"]
[WhiteElo "2025"]
[BlackElo "1682"]
[PlyCount "63"]
[EventDate "2011.??.??"]
[EventType "swiss"]
[EventRounds "8"]

1. e4 e5 2. Bc4 Nf6 3. d3 Bc5 4. Nf3 Nc6 5. c3 d6 6. O-O O-O 7. h3 h6 8. Re1
Re8 9. Nbd2 Be6 10. Bb5 Bd7 11. Ba4 a6 12. Nf1 Ne7 13. Bb3 Ng6 14. Ng3 Bb6 15.
d4 exd4 16. cxd4 Ba5 17. Bd2 Bxd2 18. Qxd2 Bc6 19. Qc2 Qd7 20. e5 dxe5 21. Qxg6
Kf8 22. Qf5 Qxf5 23. Nxf5 Bxf3 24. gxf3 exd4 25. Nxd4 Red8 26. Rad1 Nh5 27. Nf5
Rxd1 28. Rxd1 Nf6 29. Rc1 Rc8 30. Nd6 Rd8 31. Nxf7 Rd7 32. Ne5 1-0

[Event "Ct. Catalunya juvenil"]
[Site "?"]
[Date "2011.04.23"]
[Round "7"]
[White "Campos Cayuelas, A."]
[Black "Cervello Tost, R."]
[Result "1-0"]
[WhiteElo "1906"]
[BlackElo "1661"]
[PlyCount "53"]
[EventDate "2011.??.??"]
[EventType "swiss"]
[EventRounds "8"]

1. e4 e5 2. Nf3 Nc6 3. d4 exd4 4. Nxd4 Qh4 5. Be2 Qxe4 6. Nb5 Kd8 7. O-O a6 8.
N1c3 Qe5 9. Nd5 axb5 10. Bf4 Qxb2 11. Bxc7+ Ke8 12. Nb6 Qa3 13. Bxb5 Bc5 14.
Nxa8 Qxa8 15. Qd5 Be7 16. Bc4 Nh6 17. Rfe1 Rf8 18. Re2 Ng8 19. Rae1 Qa4 20. Bb5
Qh4 21. Bxc6 bxc6 22. Qc5 f5 23. Bd6 Rf7 24. Qb6 Qc4 25. Qc7 Qa6 26. Bxe7 Nxe7
27. Qd6 1-0

[Event "Ct. Catalunya juvenil"]
[Site "?"]
[Date "2011.04.23"]
[Round "7"]
[White "Colon Garcia, E."]
[Black "Pruja Ramirez de Cartagena, M."]
[Result "1-0"]
[WhiteElo "2288"]
[BlackElo "2248"]
[PlyCount "71"]
[EventDate "2011.??.??"]
[EventType "swiss"]
[EventRounds "8"]

1. Nf3 Nf6 2. c4 e6 3. d4 d5 4. cxd5 exd5 5. Nc3 c6 6. Bg5 h6 7. Bh4 Qb6 8. Qc2
Na6 9. Bxf6 gxf6 10. a3 Bf5 11. Qd2 O-O-O 12. b4 Be4 13. e3 Nb8 14. Be2 Rg8 15.
O-O Bd6 16. Rfc1 a6 17. Nxe4 dxe4 18. Nh4 Rg5 19. g3 Qc7 20. a4 Rdg8 21. Ng2 h5
22. Bf1 Kd8 23. b5 Qd7 24. bxa6 bxa6 25. Rab1 h4 26. Nxh4 Rh5 27. d5 cxd5 28.
Qa5+ Ke7 29. Bxa6 Qh3 30. Rb7+ Ke6 31. Rb6 Qxh4 32. Rxd6+ Kxd6 33. Qc7+ Ke6 34.
Bc8+ Rxc8 35. Qxc8+ Nd7 36. gxh4 1-0